000 00402nam a2200133 a 4500
001 000038397
005 20201002031239.0
008 130410s1985 dr 000 0 spa d
040 _aDO-SdBNP
_bspa
_cBNPHU
100 1 _aOcaña R, Antonio
_964741
245 1 0 _aReflexiones de la clase independiente /
_cAntonio Ocaña R.
260 _aSanto Domingo :
_bAmigo del Hogar,
_c1985.
300 _a141 p. ;
_c23 cm.
999 _c37887
_d37887